[Event "Stay Safe Play From Home 387"]
[Site "Emanuel Lasker Arena"]
[Date "2020.08.16"]
[Round "1"]
[White "Hickey"]
[Black "Padmaesh M K"]
[Result "1-0"]
[WhiteElo "2109"]
[BlackElo "1808"]
[Annotator "TA"]
[PlyCount "75"]
[EventDate "2020.08.16"]
[EventType "swiss (blitz)"]

{[%evp 9,75,10,9,22,29,37,43,34,43,34,40,22,17,29,21,16,28,0,20,27,43,41,79,70,77,58,131,102,102,81,87,79,89,69,62,66,81,68,148,154,158,148,176,165,165,172,237,208,425,436,431,425,434,425,604,593,692,691,807,447,745,743,742,726,29976,29976,6512,6275]} 1. c4 e5 2. Nc3 Nc6 3. Nf3 g6 4. d4 exd4 5. Nxd4 Bg7 6. Nxc6 {A27: English Opening: Three Knights Variation.} dxc6 7. Qxd8+ Kxd8 8. Bg5+ {White is slightly better.} f6 9. O-O-O+ {[#]} Ke7 $146 ({Predecessor:} 9... Bd7 10. Bf4 Ne7 11. e4 Kc8 12. c5 b5 13. a4 a6 14. Be2 Rd8 15. Rd2 Be6 16. Rxd8+ Kxd8 {1-0 (37) Sloth,J (2337)-Knudsen,J (1999) Middelfart 2012}) 10. Be3 Be6 11. Bc5+ Kf7 12. e4 Ne7 13. f4 Rhd8 14. Be2 b6 15. Be3 Bh6 16. g3 Ke8 17. b3 Nc8 ({Better is} 17... Rxd1+ $14 18. Rxd1 (18. Kxd1 Rd8+ 19. Kc2 c5 $14) 18... Rd8) 18. Bf3 {Black must now prevent e5.} Ne7 19. Kc2 Rxd1 20. Rxd1 Rd8 21. Rxd8+ Kxd8 22. Kd3 Nc8 {Black is on the road to losing.} 23. g4 f5 (23... Nd6 $14) 24. exf5 $16 gxf5 25. g5 Bg7 26. Bxc6 Ne7 27. Bf3 c6 (27... Ng6 {was called for.} 28. Nb5 a5) 28. h4 h6 $2 (28... c5 29. b4 Bxc3) 29. h5 $18 Kd7 30. Bd4 Bf8 31. Be5 Nc8 (31... Bf7 $142 32. Ne2 c5) 32. g6 Nd6 33. g7 Be7 34. Nd5 Bf7 (34... Ne4 $142 35. Ne3 Nf6) 35. Nxe7 {[%mdl 64] [#] Discovered Attack} Kxe7 36. Bxc6 Bg8 37. Bxd6+ Kxd6 {[#]} 38. Bd5 $1 {[%mdl 64] Promotion. Accuracy: White = 85%, Black = 45%.} 1-0

[Event "Stay Safe Play From Home 387"]
[Site "Emanuel Lasker Arena"]
[Date "2020.08.16"]
[Round "1"]
[White "Don59as"]
[Black "Timbre"]
[Result "1-0"]
[WhiteElo "1973"]
[BlackElo "1659"]
[Annotator "NA"]
[PlyCount "77"]
[EventDate "2020.08.16"]
[EventType "swiss (blitz)"]

1. c4 {[%emt 0:00:01]} c6 {[%emt 0:00:05]} 2. e4 {[%emt 0:00:03]} d5 {[%emt 0:00:01]} 3. cxd5 {[%emt 0:00:00]} cxd5 {[%emt 0:00:02]} 4. e5 {[%emt 0:00:00]} e6 {[%emt 0:00:02]} 5. Nf3 {[%emt 0:00:02]} Nc6 {[%emt 0:00:01]} 6. d4 {[%emt 0:00:01]} Nge7 {[%emt 0:00:01]} 7. Nc3 {[%emt 0:00:01]} Ng6 {[%emt 0:00:02]} 8. Bd3 {[%emt 0:00:02]} Be7 {[%emt 0:00:03]} 9. O-O {[%emt 0:00:01]} O-O {[%emt 0:00:03]} 10. Be3 {[%emt 0:00:01]} Nh4 {[%emt 0:00:02]} 11. Nxh4 {[%emt 0:00:03]} Bxh4 {[%emt 0:00:02]} 12. g3 {[%emt 0:00:00]} Bg5 {[%emt 0:00:02]} 13. f4 {[%emt 0:00:01]} Bh6 {[%emt 0:00:01]} 14. Qd2 {[%emt 0:00:02]} g6 {[%emt 0:00:02]} 15. Nb5 {[%emt 0:00:04]} Bg7 {[%emt 0:00:04]} 16. Nd6 {[%emt 0:00:01]} a6 {[%emt 0:00:03]} 17. Rac1 {[%emt 0:00:02]} Rb8 {[%emt 0:00:08]} 18. b4 {[%emt 0:00:01]} Bd7 {[%emt 0:00:05]} 19. a4 {[%emt 0:00:09]} Na7 {[%emt 0:00:03]} 20. b5 {[%emt 0:00:01]} axb5 {[%emt 0:00:02]} 21. axb5 {[%emt 0:00:00]} Nc8 {[%emt 0:00:12]} 22. Nxc8 {[%emt 0:00:07]} Rxc8 {[%emt 0:00:02]} 23. Rxc8 {[%emt 0:00:10]} Qxc8 {[%emt 0:00:02]} 24. Qa5 {[%emt 0:00:13]} Qe8 {[%emt 0:00:04]} 25. Qb6 {[%emt 0:00:04]} Bc8 {[%emt 0:00:02]} 26. Bd2 {[%emt 0:00:05]} Qe7 {[%emt 0:00:02]} 27. Qc5 {[%emt 0:00:05]} Qd7 {[%emt 0:00:07]} 28. Bb4 {[%emt 0:00:02]} Re8 {[%emt 0:00:04]} 29. Qd6 {[%emt 0:00:08]} Qxd6 {[%emt 0:00:02]} 30. Bxd6 {[%emt 0:00:01]} Bf8 {[%emt 0:00:03]} 31. Rc1 {[%emt 0:00:05]} Bxd6 {[%emt 0:00:03]} 32. exd6 {[%emt 0:00:00]} Rd8 {[%emt 0:00:04]} 33. Rc7 {[%emt 0:00:01]} Kf8 {[%emt 0:00:01]} 34. b6 {[%emt 0:00:02]} h5 {[%emt 0:00:04]} 35. Bb5 {[%emt 0:00:02]} Kg7 {[%emt 0:00:05]} 36. d7 {[%emt 0:00:01]} Bxd7 {[%emt 0:00:03]} 37. Bxd7 {[%emt 0:00:01]} Ra8 {[%emt 0:00:03]} 38. Bxe6 {[%emt 0:00:01]} Kf6 {[%emt 0:00:03]} 39. Bxd5 {[%emt 0:00:01] Timbre resigns Timbre resigns Timbre resigns (Lag: Av=0.74s, max=5.1s) (Lag: Av=0.74s, max=5.1s) (Lag: Av=0.74s, max=5.1s)} 1-0

[Event "Stay Safe Play From Home 387"]
[Site "Emanuel Lasker Arena"]
[Date "2020.08.16"]
[Round "1"]
[White "Buzaglo"]
[Black "Lazieri3"]
[Result "0-1"]
[WhiteElo "1774"]
[BlackElo "1939"]
[PlyCount "86"]
[EventDate "2020.08.16"]
[EventType "swiss (blitz)"]

1. d4 {[%emt 0:00:03]} c6 {[%emt 0:00:00]} 2. Nf3 {[%emt 0:00:01]} d5 {[%emt 0:00:01]} 3. g3 {[%emt 0:00:01]} Bf5 {[%emt 0:00:02]} 4. Bg2 {[%emt 0:00:01]} Qc8 {[%emt 0:00:00]} 5. O-O {[%emt 0:00:02]} Bh3 {[%emt 0:00:01]} 6. Bf4 {[%emt 0:00:11]} h5 {[%emt 0:00:01]} 7. Nbd2 {[%emt 0:00:12]} h4 {[%emt 0:00:01]} 8. Nxh4 {[%emt 0:00:02]} Bxg2 {[%emt 0:00:03]} 9. Kxg2 {[%emt 0:00:08]} f6 {[%emt 0:00:01]} 10. Ndf3 {[%emt 0:00:08]} g5 {[%emt 0:00:03]} 11. Nxg5 {[%emt 0:00:01]} fxg5 {[%emt 0:00:12]} 12. Bxg5 {[%emt 0:00:07]} Nf6 {[%emt 0:00:02]} 13. Qd3 {[%emt 0:00:06]} Qe6 {[%emt 0:00:07]} 14. Qg6+ {[%emt 0:00:03]} Qf7 {[%emt 0:00:01]} 15. Qf5 {[%emt 0:00:22]} Nbd7 {[%emt 0:00:08]} 16. c4 {[%emt 0:00:30]} e6 {[%emt 0:00:09]} 17. Qc2 {[%emt 0:00:06]} Bh6 {[%emt 0:00:06]} 18. Bxh6 {[%emt 0:00:05]} Rxh6 {[%emt 0:00:02]} 19. cxd5 {[%emt 0:00:14]} exd5 {[%emt 0:00:00]} 20. Nf5 {[%emt 0:00:11]} Qh7 {[%emt 0:01:08]} 21. Nd6+ {[%emt 0:00:13]} Ke7 {[%emt 0:00:06]} 22. Qxh7+ {[%emt 0:00:06]} Rxh7 {[%emt 0:00:02]} 23. Nxb7 {[%emt 0:00:06]} Rb8 {[%emt 0:00:01]} 24. Na5 {[%emt 0:00:01]} Kd6 {[%emt 0:00:03]} 25. Nb3 {[%emt 0:00:08]} Rbh8 {[%emt 0:00:10]} 26. h4 {[%emt 0:00:02]} Rg7 {[%emt 0:00:02]} 27. Kf3 {[%emt 0:00:03]} Rf8 {[%emt 0:00:02]} 28. Ke3 {[%emt 0:00:02]} Ng4+ {[%emt 0:00:02]} 29. Kd2 {[%emt 0:00:03]} Nxf2 {[%emt 0:00:02]} 30. Ke1 {[%emt 0:00:04]} Ne4 {[%emt 0:00:10]} 31. Rxf8 {[%emt 0:00:03]} Nxf8 {[%emt 0:00:00]} 32. Nc5 {[%emt 0:00:13]} Rxg3 {[%emt 0:00:09]} 33. Nxe4+ {[%emt 0:00:05]} dxe4 {[%emt 0:00:00]} 34. Kd2 {[%emt 0:00:01]} Ne6 {[%emt 0:00:04]} 35. e3 {[%emt 0:00:02]} Rh3 {[%emt 0:00:06]} 36. Rg1 {[%emt 0:00:04]} Rxh4 {[%emt 0:00:03]} 37. Rg6 {[%emt 0:00:03]} Rh2+ {[%emt 0:00:05]} 38. Kc3 {[%emt 0:00:02]} Re2 {[%emt 0:00:01]} 39. Rg3 {[%emt 0:00:04]} Nc7 {[%emt 0:00:01]} 40. Rg6+ {[%emt 0:00:02]} Kd7 {[%emt 0:00:03]} 41. Rg3 {[%emt 0:00:03]} Nd5+ {[%emt 0:00:03]} 42. Kc4 {[%emt 0:00:01]} Rxb2 {[%emt 0:00:02]} 43. Kc5 {[%emt 0:00:03]} Rc2# {[%emt 0:00:03] (Lag: Av=0.75s, max=1.3s) (Lag: Av=0.75s, max=1.3s) (Lag: Av=0.75s, max=1.3s)} 0-1

[Event "Stay Safe Play From Home 387"]
[Site "Emanuel Lasker Arena"]
[Date "2020.08.16"]
[Round "1"]
[White "Dukic"]
[Black "SelamiSahin"]
[Result "0-1"]
[WhiteElo "1692"]
[BlackElo "2150"]
[Annotator "TA"]
[PlyCount "58"]
[EventDate "2020.08.16"]
[EventType "swiss (blitz)"]

{[%evp 9,58,22,30,24,37,-29,-20,-15,-10,-24,-27,-23,-12,-12,-16,-57,-54,-57,-50,-82,-68,-96,-97,-96,-105,-161,-160,-156,-167,-180,-185,-214,-195,-243,-187,-201,-158,-211,-182,-222,-227,-265,-277,-264,-213,-275,-270,-356,-272,-337,-140]} 1. c4 Nf6 2. Nc3 g6 3. g3 Bg7 4. Bg2 O-O 5. d4 c5 6. dxc5 {E61: King's Indian: Early deviations for White, including Smyslov System.} Qa5 7. Nf3 ({Better is} 7. Qa4 $14 Qxc5 8. Be3) 7... Ne4 $1 $11 {[%cal Re4c3] [#]} 8. O-O $146 {The position is equal.} ({Predecessor:} 8. Bd2 Nxd2 9. Qxd2 Qxc5 10. Rc1 Nc6 11. b3 d6 12. Nd5 a5 13. O-O Bg4 14. Rfd1 {0-1 (38) Moleman,A (1904)-Andrade,P (1788) IECC email 2002}) 8... Nxc3 9. bxc3 Qxc3 10. Rb1 Qxc4 11. Be3 Qxa2 12. Bd4 Nc6 13. Bxg7 Kxg7 14. e3 Rd8 15. Qd3 d5 16. Qc3+ f6 17. Rfc1 (17. Nd4 $17) 17... e5 $19 18. Rb2 Qa5 19. Qc2 Qc7 20. Qb3 Rb8 21. h4 Bf5 22. Nd2 d4 23. e4 (23. Nc4 $17) 23... Bg4 24. f3 Bd7 25. Qd3 Be6 26. Bf1 a5 27. Qb5 Nb4 28. Bc4 Bxc4 29. Qxc4 Qc6 {Black took control after the opening. Accuracy: White = 33%, Black = 70%.} (29... Rdc8 $19 {has better winning chances.} 30. Kg2 h5) 0-1

[Event "Stay Safe Play From Home 387"]
[Site "Emanuel Lasker Arena"]
[Date "2020.08.16"]
[Round "1"]
[White "Möwe"]
[Black "Haris kollari 13"]
[Result "1-0"]
[WhiteElo "1560"]
[BlackElo "1879"]
[Annotator "NA"]
[PlyCount "133"]
[EventDate "2020.08.16"]
[EventType "swiss (blitz)"]

1. e4 {[%emt 0:00:01]} e6 {[%emt 0:00:01]} 2. d4 {[%emt 0:00:01]} d5 {[%emt 0:00:01]} 3. exd5 {[%emt 0:00:01]} exd5 {[%emt 0:00:00]} 4. Nf3 {[%emt 0:00:01]} c5 {[%emt 0:00:01]} 5. Bd3 {[%emt 0:00:00]} c4 {[%emt 0:00:01]} 6. Be2 {[%emt 0:00:01]} Nc6 {[%emt 0:00:01]} 7. O-O {[%emt 0:00:01]} Be6 {[%emt 0:00:01]} 8. c3 {[%emt 0:00:01]} Bd6 {[%emt 0:00:01]} 9. Re1 {[%emt 0:00:01]} Nge7 {[%emt 0:00:01]} 10. Ng5 {[%emt 0:00:02]} Bf5 {[%emt 0:00:09]} 11. Bg4 {[%emt 0:00:05]} Qd7 {[%emt 0:00:06]} 12. h3 {[%emt 0:00:13]} Bxg4 {[%emt 0:00:02]} 13. hxg4 {[%emt 0:00:01]} h6 {[%emt 0:00:05]} 14. Nh3 {[%emt 0:00:05]} O-O-O {[%emt 0:00:04]} 15. Bf4 {[%emt 0:00:02]} Rde8 {[%emt 0:00:07]} 16. Bxd6 {[%emt 0:00:02]} Qxd6 {[%emt 0:00:01]} 17. Qa4 {[%emt 0:00:04]} Kb8 {[%emt 0:00:02]} 18. Na3 {[%emt 0:00:04]} a6 {[%emt 0:00:02]} 19. Re3 {[%emt 0:00:07]} Nc8 {[%emt 0:00:01]} 20. Rae1 {[%emt 0:00:04]} Re6 {[%emt 0:00:02]} 21. Kf1 {[%emt 0:00:06]} Rhe8 {[%emt 0:00:02]} 22. Rxe6 {[%emt 0:00:05]} Rxe6 {[%emt 0:00:02]} 23. Rxe6 {[%emt 0:00:01]} Qxe6 {[%emt 0:00:03]} 24. Qd1 {[%emt 0:00:03]} Nd6 {[%emt 0:00:03]} 25. Nc2 {[%emt 0:00:03]} Ne4 {[%emt 0:00:02]} 26. Ne3 {[%emt 0:00:02]} f6 {[%emt 0:00:07]} 27. Nf4 {[%emt 0:00:02]} Qd6 {[%emt 0:00:07]} 28. Nfxd5 {[%emt 0:00:01]} b5 {[%emt 0:00:02]} 29. f3 {[%emt 0:00:07]} Ng5 {[%emt 0:00:12]} 30. Qc2 {[%emt 0:00:04]} Qh2 {[%emt 0:00:11]} 31. Qg6 {[%emt 0:00:18]} Ne6 {[%emt 0:00:02]} 32. Qe8+ {[%emt 0:00:04]} Ncd8 {[%emt 0:00:01]} 33. Nf5 {[%emt 0:00:07]} h5 {[%emt 0:00:19]} 34. Nxg7 {[%emt 0:00:05]} hxg4 {[%emt 0:00:18]} 35. Nxe6 {[%emt 0:00:04]} Qd6 {[%emt 0:00:10]} 36. Qxd8+ {[%emt 0:00:03]} Qxd8 {[%emt 0:00:02]} 37. Nxd8 {[%emt 0:00:01]} gxf3 {[%emt 0:00:00]} 38. gxf3 {[%emt 0:00:02]} f5 {[%emt 0:00:02]} 39. Nc6+ {[%emt 0:00:04]} Kb7 {[%emt 0:00:02]} 40. Nce7 {[%emt 0:00:01]} Ka7 {[%emt 0:00:05]} 41. Nxf5 {[%emt 0:00:02]} a5 {[%emt 0:00:00]} 42. Ke2 {[%emt 0:00:02]} Ka6 {[%emt 0:00:01]} 43. Kd2 {[%emt 0:00:01]} Kb7 {[%emt 0:00:01]} 44. Kc2 {[%emt 0:00:01]} Kc6 {[%emt 0:00:01]} 45. Nde3 {[%emt 0:00:01]} Kd7 {[%emt 0:00:01]} 46. d5 {[%emt 0:00:02]} Kc7 {[%emt 0:00:02]} 47. d6+ {[%emt 0:00:01]} Kc6 {[%emt 0:00:01]} 48. b3 {[%emt 0:00:02]} cxb3+ {[%emt 0:00:02]} 49. axb3 {[%emt 0:00:01]} Kd7 {[%emt 0:00:01]} 50. f4 {[%emt 0:00:03]} Ke6 {[%emt 0:00:01]} 51. Kd3 {[%emt 0:00:03]} Kd7 {[%emt 0:00:05]} 52. Kd4 {[%emt 0:00:01]} a4 {[%emt 0:00:03]} 53. bxa4 {[%emt 0:00:01]} bxa4 {[%emt 0:00:01]} 54. Kc4 {[%emt 0:00:01]} a3 {[%emt 0:00:01]} 55. Kb3 {[%emt 0:00:01]} a2 {[%emt 0:00:02]} 56. Kxa2 {[%emt 0:00:01]} Ke6 {[%emt 0:00:00]} 57. Kb3 {[%emt 0:00:01]} Kf6 {[%emt 0:00:03]} 58. Kc4 {[%emt 0:00:01]} Ke6 {[%emt 0:00:01]} 59. Kc5 {[%emt 0:00:01]} Kd7 {[%emt 0:00:00]} 60. Kd5 {[%emt 0:00:01]} Kd8 {[%emt 0:00:01]} 61. Ke6 {[%emt 0:00:01]} Ke8 {[%emt 0:00:01]} 62. d7+ {[%emt 0:00:03]} Kd8 {[%emt 0:00:01]} 63. Nd4 {[%emt 0:00:10]} Kc7 {[%emt 0:00:01]} 64. Ke7 {[%emt 0:00:02]} Kb7 {[%emt 0:00:01]} 65. d8=Q {[%emt 0:00:02]} Ka6 {[%emt 0:00:01]} 66. Qb8 {[%emt 0:00:05]} Ka5 {[%emt 0:00:03]} 67. Qb5# {[%emt 0:00:01] (Lag: Av=0.63s, max=0.9s) (Lag: Av=0.63s, max=0.9s) (Lag: Av=0.63s, max=0.9s)} 1-0

[Event "Stay Safe Play From Home 387"]
[Site "Emanuel Lasker Arena"]
[Date "2020.08.16"]
[Round "2"]
[White "SelamiSahin"]
[Black "Don59as"]
[Result "1-0"]
[WhiteElo "2152"]
[BlackElo "1978"]
[Annotator "NA"]
[PlyCount "57"]
[EventDate "2020.08.16"]
[EventType "swiss (blitz)"]

{Yarar, Atakan} 1. d4 {[%emt 0:00:02]} d5 {[%emt 0:00:01]} 2. c4 {[%emt 0:00:01]} e5 {[%emt 0:00:01]} 3. dxe5 {[%emt 0:00:03]} d4 {[%emt 0:00:00]} 4. Nf3 {[%emt 0:00:05]} Nc6 {[%emt 0:00:01]} 5. a3 {[%emt 0:00:05]} a5 {[%emt 0:00:01]} 6. e3 {[%emt 0:00:04]} Bc5 {[%emt 0:00:02]} 7. exd4 {[%emt 0:00:05]} Nxd4 {[%emt 0:00:00]} 8. Nc3 {[%emt 0:00:03]} Ne7 {[%emt 0:00:02]} 9. Ne4 {[%emt 0:00:08]} Ba7 {[%emt 0:00:02]} 10. Be3 {[%emt 0:00:06]} Nef5 {[%emt 0:00:05]} 11. Nxd4 {[%emt 0:00:08]} Nxd4 {[%emt 0:00:04]} 12. Qd3 {[%emt 0:00:07]} O-O {[%emt 0:00:12]} 13. Rd1 {[%emt 0:00:08]} c5 {[%emt 0:00:01]} 14. Bxd4 {[%emt 0:00:04]} cxd4 {[%emt 0:00:01]} 15. Qg3 {[%emt 0:00:09]} Re8 {[%emt 0:00:08]} 16. Bd3 {[%emt 0:00:03]} Bf5 {[%emt 0:00:26]} 17. O-O {[%emt 0:00:04]} Bxe4 {[%emt 0:00:09]} 18. Bxe4 {[%emt 0:00:00]} Qe7 {[%emt 0:00:01]} 19. f4 {[%emt 0:00:06]} Rad8 {[%emt 0:00:05]} 20. Rd3 {[%emt 0:00:07]} f6 {[%emt 0:00:15]} 21. Qh4 {[%emt 0:00:09]} g6 {[%emt 0:00:01]} 22. Bd5+ {[%emt 0:00:05]} Kg7 {[%emt 0:00:04]} 23. Rh3 {[%emt 0:00:05]} h5 {[%emt 0:00:06]} 24. Rg3 {[%emt 0:00:06]} Rh8 {[%emt 0:00:18]} 25. Re1 {[%emt 0:00:17]} d3+ {[%emt 0:00:10]} 26. Kh1 {[%emt 0:00:03]} d2 {[%emt 0:00:01]} 27. exf6+ {[%emt 0:00:05]} Qxf6 {[%emt 0:00:04]} 28. Re7+ {[%emt 0:00:04]} Kh6 {[%emt 0:00:05]} 29. Qg5+ {[%emt 0:00:09] Don59as resigns Don59as resigns Don59as resigns (Lag: Av=0.72s, max=1.3s) (Lag: Av=0.72s, max=1.3s) (Lag: Av=0.72s, max=1.3s)} 1-0

[Event "Stay Safe Play From Home 387"]
[Site "Emanuel Lasker Arena"]
[Date "2020.08.16"]
[Round "2"]
[White "Hickey"]
[Black "Möwe"]
[Result "1-0"]
[WhiteElo "2114"]
[BlackElo "1589"]
[Annotator "TA"]
[PlyCount "53"]
[EventDate "2020.08.16"]
[EventType "swiss (blitz)"]

{[%evp 9,52,-10,15,9,27,10,12,-14,60,54,198,97,267,255,269,270,259,235,372,364,512,500,527,314,320,300,350,345,380,214,354,368,451,433,445,427,567,554,568,441,972,981,29995,29996,29999]} 1. b3 d5 2. Bb2 c5 3. Nf3 Nc6 4. e3 Bg4 5. h3 Bh5 (5... Bxf3 $5 6. Qxf3 a6 $11) 6. Bb5 {A06: Réti Opening: 1 Nf3 d5.} e6 7. g4 Bg6 8. Ne5 {The position is equal.} Rc8 ({Better is} 8... Nge7 $11) 9. h4 $14 {[#] Black must now prevent h5.} Bd6 $146 (9... f6 $14 10. Nxc6 (10. Nxg6 hxg6 11. f4 a6 $11) 10... bxc6) ({Predecessor:} 9... f6 10. Nxg6 hxg6 11. f4 Bd6 12. Qf3 Nge7 13. Nc3 a6 14. Be2 b5 15. h5 gxh5 16. Rxh5 {1-0 (46) Arribas Lopez,A (2472)-Kolay,A (2270) Charlotte 2019}) 10. h5 (10. Nxc6 $18 {and White stays clearly on top.} bxc6 11. Bxg7 cxb5 12. Bxh8) 10... Bxe5 $2 (10... Be4 $16 11. Nxc6 bxc6) 11. Bxe5 $18 Be4 12. f3 ({And not} 12. Bxg7 Bxh1 13. Bxh8 Bg2 $15) 12... f6 13. Bg3 ({Not} 13. fxe4 fxe5 14. exd5 exd5 $11) 13... Nge7 (13... Bxf3 $142 14. Qxf3 Nh6) 14. fxe4 dxe4 (14... a6 $142 15. Be2 d4) 15. Nc3 f5 16. g5 a6 17. Be2 Nd5 18. Nxd5 Qxd5 19. O-O (19. Bc4 $142 Qd7 20. a4) 19... g6 (19... Qd8 {was worth a try.} 20. Rf2 Qxg5) 20. d3 Rd8 21. Qe1 exd3 22. cxd3 Ne5 23. Qc3 Nf7 24. Rad1 Ke7 (24... O-O $142 25. hxg6 hxg6) 25. Qf6+ Kd7 26. Qxf7+ Kc8 27. Qc7# {Black did not feel at home in the position after the opening. Accuracy: White = 58%, Black = 18%.} 1-0

[Event "Stay Safe Play From Home 387"]
[Site "Emanuel Lasker Arena"]
[Date "2020.08.16"]
[Round "2"]
[White "Ionelluca"]
[Black "Buzaglo"]
[Result "1-0"]
[WhiteElo "1987"]
[BlackElo "1765"]
[PlyCount "39"]
[EventDate "2020.08.16"]
[EventType "swiss (blitz)"]

1. e4 {[%emt 0:00:06]} e5 {[%emt 0:00:01]} 2. Bc4 {[%emt 0:00:27]} Be7 {[%emt 0:00:02]} 3. Nf3 {[%emt 0:00:03]} d6 {[%emt 0:00:02]} 4. d4 {[%emt 0:00:02]} exd4 {[%emt 0:00:01]} 5. Nxd4 {[%emt 0:00:02]} Nf6 {[%emt 0:00:01]} 6. Nc3 {[%emt 0:00:09]} O-O {[%emt 0:00:01]} 7. O-O {[%emt 0:00:02]} Nxe4 {[%emt 0:00:01]} 8. Nxe4 {[%emt 0:00:08]} d5 {[%emt 0:00:01]} 9. Nb5 {[%emt 0:00:15]} dxc4 {[%emt 0:00:07]} 10. Qe2 {[%emt 0:00:18]} c6 {[%emt 0:00:08]} 11. Rd1 {[%emt 0:00:08]} Qb6 {[%emt 0:00:01]} 12. Nbd6 {[%emt 0:00:06]} Bxd6 {[%emt 0:00:21]} 13. Nxd6 {[%emt 0:00:03]} Be6 {[%emt 0:00:02]} 14. Nxc4 {[%emt 0:00:04]} Qb5 {[%emt 0:00:14]} 15. b3 {[%emt 0:00:06]} Nd7 {[%emt 0:00:05]} 16. Ba3 {[%emt 0:00:12]} Rfe8 {[%emt 0:00:03]} 17. Re1 {[%emt 0:00:10]} Bxc4 {[%emt 0:00:08]} 18. Qxe8+ {[%emt 0:00:02]} Nf8 {[%emt 0:00:05]} 19. bxc4 {[%emt 0:00:16]} Rxe8 {[%emt 0:00:07]} 20. Rxe8 {[%emt 0:00:02] Buzaglo resigns Buzaglo resigns Buzaglo resigns Buzaglo reconnected. Buzaglo reconnected. Buzaglo reconnected. Buzaglo resigns Buzaglo resigns Buzaglo resigns (Lag: Av=0.63s, max=1.2s) (Lag: Av=0.63s, max=1.2s) (Lag: Av=0.63s, max=1.2s)} 1-0

[Event "Stay Safe Play From Home 387"]
[Site "Emanuel Lasker Arena"]
[Date "2020.08.16"]
[Round "2"]
[White "Padmaesh M K"]
[Black "Haris kollari 13"]
[Result "0-1"]
[WhiteElo "1803"]
[BlackElo "1850"]
[Annotator "NA"]
[PlyCount "62"]
[EventDate "2020.08.16"]
[EventType "swiss (blitz)"]

1. c4 {[%emt 0:00:05]} b6 {[%emt 0:00:03]} 2. e4 {[%emt 0:00:03]} Bb7 {[%emt 0:00:01]} 3. Nc3 {[%emt 0:00:01]} g6 {[%emt 0:00:00]} 4. d4 {[%emt 0:00:01]} Bg7 {[%emt 0:00:01]} 5. f4 {[%emt 0:00:03]} e6 {[%emt 0:00:08]} 6. Nf3 {[%emt 0:00:02]} Ne7 {[%emt 0:00:01]} 7. Bd3 {[%emt 0:00:04]} d6 {[%emt 0:00:03]} 8. Be3 {[%emt 0:00:02]} Nd7 {[%emt 0:00:01]} 9. e5 {[%emt 0:00:03]} d5 {[%emt 0:00:02]} 10. cxd5 {[%emt 0:00:05]} Nxd5 {[%emt 0:00:02]} 11. Qd2 {[%emt 0:00:14]} c6 {[%emt 0:00:05]} 12. Ne4 {[%emt 0:00:02]} O-O {[%emt 0:00:05]} 13. Nd6 {[%emt 0:00:02]} Rb8 {[%emt 0:00:02]} 14. Rc1 {[%emt 0:00:05]} c5 {[%emt 0:00:07]} 15. O-O {[%emt 0:00:18]} Nxe3 {[%emt 0:00:03]} 16. Qxe3 {[%emt 0:00:02]} Bxf3 {[%emt 0:00:05]} 17. Rxf3 {[%emt 0:00:18]} cxd4 {[%emt 0:00:01]} 18. Qxd4 {[%emt 0:00:01]} Nc5 {[%emt 0:00:01]} 19. Bb5 {[%emt 0:00:09]} a6 {[%emt 0:00:05]} 20. Be2 {[%emt 0:00:05]} f6 {[%emt 0:00:03]} 21. b4 {[%emt 0:00:14]} Nd7 {[%emt 0:00:12]} 22. Qc4 {[%emt 0:00:12]} Qe7 {[%emt 0:00:06]} 23. Rd1 {[%emt 0:00:59]} fxe5 {[%emt 0:00:02]} 24. fxe5 {[%emt 0:00:01]} Nxe5 {[%emt 0:00:04]} 25. Rxf8+ {[%emt 0:00:04]} Rxf8 {[%emt 0:00:01]} 26. Qxa6 {[%emt 0:00:08]} Rd8 {[%emt 0:00:12]} 27. Qxb6 {[%emt 0:00:07]} Bf8 {[%emt 0:00:02]} 28. Nc4 {[%emt 0:00:20]} Rxd1+ {[%emt 0:00:04]} 29. Bxd1 {[%emt 0:00:03]} Nxc4 {[%emt 0:00:01]} 30. Qd4 {[%emt 0:00:01]} Qxb4 {[%emt 0:00:03]} 31. Be2 {[%emt 0:00:03]} Bc5 {[%emt 0:00:01] Padmaesh M K resigns Padmaesh M K resigns Padmaesh M K resigns (Lag: Av=0.50s, max=1.0s) (Lag: Av=0.50s, max=1.0s) (Lag: Av=0.50s, max=1.0s)} 0-1

[Event "Stay Safe Play From Home 387"]
[Site "Emanuel Lasker Arena"]
[Date "2020.08.16"]
[Round "2"]
[White "Timbre"]
[Black "Dukic"]
[Result "0-1"]
[WhiteElo "1654"]
[BlackElo "1690"]
[Annotator "NA"]
[PlyCount "60"]
[EventDate "2020.08.16"]
[EventType "swiss (blitz)"]

1. d4 {[%emt 0:00:17]} d6 {[%emt 0:00:00]} 2. Nf3 {[%emt 0:00:02]} Nd7 {[%emt 0:00:01]} 3. c3 {[%emt 0:00:01]} e5 {[%emt 0:00:01]} 4. dxe5 {[%emt 0:00:02]} dxe5 {[%emt 0:00:02]} 5. Bg5 {[%emt 0:00:03]} f6 {[%emt 0:00:03]} 6. Bh4 {[%emt 0:00:02]} Ne7 {[%emt 0:00:02]} 7. Bg3 {[%emt 0:00:02]} b6 {[%emt 0:00:11]} 8. e3 {[%emt 0:00:01]} Bb7 {[%emt 0:00:01]} 9. Nbd2 {[%emt 0:00:01]} Nf5 {[%emt 0:00:03]} 10. Qc2 {[%emt 0:00:02]} g6 {[%emt 0:00:04]} 11. e4 {[%emt 0:00:04]} Nd6 {[%emt 0:00:08]} 12. Bd3 {[%emt 0:00:07]} Nc5 {[%emt 0:00:05]} 13. O-O {[%emt 0:00:08]} Qd7 {[%emt 0:00:13]} 14. b4 {[%emt 0:00:05]} Nxd3 {[%emt 0:00:02]} 15. Qxd3 {[%emt 0:00:02]} Rd8 {[%emt 0:00:08]} 16. Qc2 {[%emt 0:00:05]} Bh6 {[%emt 0:00:02]} 17. Rfe1 {[%emt 0:00:05]} O-O {[%emt 0:00:02]} 18. Nb3 {[%emt 0:00:06]} Qe6 {[%emt 0:00:02]} 19. Rad1 {[%emt 0:00:07]} Nc4 {[%emt 0:00:05]} 20. Rxd8 {[%emt 0:00:05]} Rxd8 {[%emt 0:00:02]} 21. a4 {[%emt 0:00:06]} Qd7 {[%emt 0:00:06]} 22. h3 {[%emt 0:00:06]} Qxa4 {[%emt 0:00:03]} 23. Bh4 {[%emt 0:00:12]} Qc6 {[%emt 0:00:09]} 24. Bg3 {[%emt 0:00:06]} Kg7 {[%emt 0:00:01]} 25. Nbd2 {[%emt 0:00:06]} Nxd2 {[%emt 0:00:02]} 26. Nxd2 {[%emt 0:00:02]} Rxd2 {[%emt 0:00:02]} 27. Qb3 {[%emt 0:00:05]} Qd7 {[%emt 0:00:06]} 28. f4 {[%emt 0:00:03]} exf4 {[%emt 0:00:02]} 29. Bf2 {[%emt 0:00:02]} Qd3 {[%emt 0:00:10]} 30. Bd4 {[%emt 0:00:06]} Bxe4 {[%emt 0:00:07] Timbre resigns Timbre resigns Timbre resigns (Lag: Av=0.32s, max=0.5s) (Lag: Av=0.32s, max=0.5s) (Lag: Av=0.32s, max=0.5s)} 0-1